A roupa nova do imperador (Record no. 194951)

MARC details
000 -LÍDER
campo de controle de tamanho fixo 00301 a2200133 4500
001 - NÚMERO DE CONTROLE
campo de controle 194951
040 ## - FONTE DA CATALOGAÇÃO
Instituição que transcreveu o registro Magnum
100 ## - ENTRADA PRINCIPAL--NOME PESSOAL
Nome pessoal Hans Christian Andersen
240 10 - TÍTULO UNIFORME
Título uniforme A roupa nova do imperador
Idioma da obra por
245 10 - TÍTULO
Título A roupa nova do imperador
300 ## - DESCRIÇÃO FÍSICA
Extensão 31
697 ## - ENTRADA DE ASSUNTO LOCAL--ENTIDADE COLETIVA (RLIN)
Nome corporativo ou nome da jurisdição LITERATURA INFANTO
942 ## - ELEMENTOS DE ENTRADA ADICIONADOS (KOHA)
Tipo de material Koha Livros
Holdings
Situação do descarte Situação das perdas Situação física Não pode ser emprestado Biblioteca de origem Biblioteca atual Data de aquisição Total de empréstimos Número de chamada completo Código de barras Data de último acesso Data do preço efetivo Tipo de material Koha
        Magnum Magnum 08/06/2024   869.1.1687 MAG00075651 08/06/2024 08/06/2024 Livros